Scott Foresman-Addison Wesley Math : (Record no. 3291)
[ view plain ]
| 000 -LEADER | |
|---|---|
| fixed length control field | 00526nam a22001817a 4500 |
| 003 - CONTROL NUMBER IDENTIFIER | |
| control field | OSt |
| 005 - DATE AND TIME OF LATEST TRANSACTION | |
| control field | 20140310181752.0 |
| 008 - FIXED-LENGTH DATA ELEMENTS--GENERAL INFORMATION | |
| fixed length control field | 130628t xxu||||| |||| 00| 0 eng d |
| 020 ## - INTERNATIONAL STANDARD BOOK NUMBER | |
| International Standard Book Number | 9812448926 |
| 050 ## - LIBRARY OF CONGRESS CALL NUMBER | |
| Classification number | QA 135.5 |
| Item number | .C475 2005 |
| 082 ## - DEWEY DECIMAL CLASSIFICATION NUMBER | |
| Classification number | FIL 510 |
| Item number | Sco8 2005 |
| 100 ## - MAIN ENTRY--PERSONAL NAME | |
| Personal name | Charles, Randall I. |
| 245 ## - TITLE STATEMENT | |
| Title | Scott Foresman-Addison Wesley Math : |
| Statement of responsibility, etc | Randall I. Charles ...[et al.]. |
| Remainder of title | grade 6 / |
| 260 ## - PUBLICATION, DISTRIBUTION, ETC. (IMPRINT) | |
| Place of publication, distribution, etc | Singapore : |
| Name of publisher, distributor, etc | Pearson, |
| Date of publication, distribution, etc | 2005. |
| 300 ## - PHYSICAL DESCRIPTION | |
| Extent | xi. 652 p. ; |
| Other physical details | ill. col. ; |
| Dimensions | 26 cm. |
| 562 ## - COPY AND VERSION IDENTIFICATION NOTE | |
| Number of copies | 1 |
| 942 ## - ADDED ENTRY ELEMENTS (KOHA) | |
| Source of classification or shelving scheme | Library of Congress Classification |
| Koha item type | Books |
| Withdrawn status | Lost status | Source of classification or shelving scheme | Damaged status | Home library | Current library | Shelving location | Date acquired | Total Checkouts | Full call number | Barcode | Date last seen | Copy number | Price effective from | Koha item type |
|---|---|---|---|---|---|---|---|---|---|---|---|---|---|---|
| Library of Congress Classification | Luxembourg Library | Luxembourg Library | Filipiniana Section | 06/28/2013 | QA 135.5 .C475 2005 | 7997 | 08/13/2013 | 1 | 06/28/2013 | Books |